[Event "POL-chT 2nd League"]
[Site "Jastrzebia Gora"]
[Date "2018.09.05"]
[Round "6.2"]
[White "Dziodzio, Angelika"]
[Black "Dmochowska, Agnieszka"]
[Result "1/2-1/2"]
[WhiteElo "2149"]
[BlackElo "2125"]
[PlyCount "151"]
[EventDate "2018.09.01"]
[EventType "team-swiss"]
[EventRounds "9"]
[EventCountry "POL"]
[SourceTitle "CBM 186 Extra"]
[Source "ChessBase"]
[SourceDate "2018.08.24"]
[SourceVersion "1"]
[SourceVersionDate "2018.08.24"]
[SourceQuality "1"]
[WhiteTeam "Nowy Sacz Sandecja"]
[BlackTeam "Wroclaw Polonia"]
[WhiteTeamCountry "POL"]
[BlackTeamCountry "POL"]

1. g3 Nf6 2. Bg2 d5 3. c4 c6 4. cxd5 cxd5 5. Nf3 g6 6. Nc3 Bg7 7. 0-0 0-0 8. d4 Ne4 9. Bf4 Nc6 10. Qa4 Bg4 11. Rfd1 Qd7 12. Rac1 Rac8 13. Be3 Nxc3 14. bxc3 a6 15. Qa3 Bxf3 16. Bxf3 Na7 17. Qb3 Rc4 18. Bf4 f5 19. e4 fxe4 20. Bxe4 b5 21. Bg2 Nc6 22. Re1 Bf6 23. Bf1 Na5 24. Qd1 Rc6 25. a4 Nc4 26. axb5 axb5 27. Rb1 Ra6 28. Qb3 Ra5 29. Bg2 Rfa8 30. h4 R8a6 31. Bh6 Kf7 32. Qb4 Qd6 33. Bf4 Qd7 34. Bh6 Qd6 35. Qxd6 Rxd6 36. Bf4 Rd7 37. Bh3 Rda7 38. Be6+ Kg7 39. Bxd5 Na3 40. Rb3 b4 41. Be6 bxc3 42. Rxc3 Bxd4 43. Rc8 Ra8 44. Bb8 h5 45. Bc7 Rxc8 46. Bxc8 Ra7 47. Rxe7+ Kf8 48. Rd7 Nb5 49. Bd6+ Ke8 50. Rxa7 Bxa7 51. Be5 Nd4 52. Kg2 Nc2 53. Ba6 Ke7 54. Bc4 Nd4 55. Ba2 Nf5 56. f3 Be3 57. Kh3 Bf2 58. Bb3 Be1 59. Bf4 Kf6 60. Bg5+ Kg7 61. g4 hxg4+ 62. fxg4 Nh6 63. Be6 Bc3 64. Kg3 Ng8 65. Be3 Nf6 66. Kf4 Bb2 67. g5 Nh5+ 68. Kf3 Bc3 69. Bf2 Kh7 70. Bc4 Ng7 71. Kg4 Be5 72. Bg3 Bd4 73. Bd3 Nh5 74. Bd6 Bf2 75. Be5 Be1 76. Be4 1/2-1/2

[Event "POL-chT 2nd League"]
[Site "Jastrzebia Gora"]
[Date "2018.09.02"]
[Round "3.1"]
[White "Dziodzio, Angelika"]
[Black "Bednarska, Malgorzata"]
[Result "0-1"]
[WhiteElo "2149"]
[BlackElo "1991"]
[PlyCount "96"]
[EventDate "2018.09.01"]
[EventType "team-swiss"]
[EventRounds "9"]
[EventCountry "POL"]
[SourceTitle "CBM 186 Extra"]
[Source "ChessBase"]
[SourceDate "2018.08.24"]
[SourceVersion "1"]
[SourceVersionDate "2018.08.24"]
[SourceQuality "1"]
[WhiteTeam "Nowy Sacz Sandecja"]
[BlackTeam "Warszawa YMCA"]
[WhiteTeamCountry "POL"]
[BlackTeamCountry "POL"]

1. d4 Nf6 2. Nc3 d5 3. Bf4 e6 4. Nb5 Na6 5. e3 c6 6. Nc3 b6 7. Nf3 Bb7 8. Ne5 Rc8 9. a3 Be7 10. Bd3 0-0 11. g4 c5 12. g5 Ne4 13. Rg1 Nb8 14. Qg4 Nd7 15. g6 hxg6 16. Nxg6 fxg6 17. Qxe6+ Rf7 18. Nxe4 Nf8 19. Qg4 dxe4 20. Bc4 cxd4 21. Bxf7+ Kxf7 22. Qd1 Bf6 23. exd4 Qxd4 24. Qxd4 Bxd4 25. c3 Bf6 26. Rd1 Rd8 27. Rxd8 Bxd8 28. Kd2 Bf6 29. a4 Ne6 30. Be3 Nc5 31. Bxc5 bxc5 32. b4 c4 33. b5 Bd8 34. Ke2 Kf6 35. Rd1 Bb6 36. Rd6+ Kg5 37. Re6 Bd8 38. Re5+ Kf6 39. Rc5 Bb6 40. Rxc4 Ke5 41. Rb4 Bd5 42. Rb2 Bc4+ 43. Ke1 Kf4 44. Rb4 Bd3 45. Rb3 Kf3 46. Rb2 Ba5 47. Rb3 Bc4 48. Ra3 Bb6 0-1

[Event "Police Gniota Memorial 33rd"]
[Site "Police"]
[Date "2018.07.19"]
[Round "9"]
[White "Shilov, Sergej"]
[Black "Dziodzio, Angelika"]
[Result "0-1"]
[WhiteElo "2199"]
[BlackElo "2126"]
[PlyCount "54"]
[EventDate "2018.07.11"]
[EventType "swiss"]
[EventRounds "9"]
[EventCountry "POL"]
[SourceTitle "CBM 185 Extra"]
[Source "ChessBase"]
[SourceDate "2018.07.29"]
[SourceVersion "1"]
[SourceVersionDate "2018.07.29"]
[SourceQuality "1"]

1. e4 c5 2. Nf3 Nc6 3. d4 cxd4 4. Nxd4 Nf6 5. Nc3 d6 6. Bg5 Qb6 7. Nb3 e6 8. Qd2 Be7 9. f3 0-0 10. Be3 Qc7 11. g4 a6 12. g5 Nd7 13. h4 b5 14. h5 Nce5 15. Nd4 b4 16. Nd1 d5 17. g6 Nf6 18. exd5 exd5 19. gxh7+ Nxh7 20. b3 Re8 21. Nf2 Bc5 22. Be2 Nc6 23. Rd1 Qb6 24. Rh4 Ra7 25. Kf1 Rae7 26. Ng4 Bxd4 27. Bxd4 Nxd4 0-1

[Event "EU-ch blitz"]
[Site "Katowice"]
[Date "2017.12.15"]
[Round "9"]
[White "Sadzikowski, Daniel"]
[Black "Dziodzio, Angelika"]
[Result "1-0"]
[WhiteElo "2584"]
[BlackElo "2125"]
[PlyCount "65"]
[EventDate "2017.12.15"]
[EventType "swiss (blitz)"]
[EventRounds "22"]
[EventCountry "POL"]
[SourceTitle "CBM 182 Extra"]
[Source "ChessBase"]
[SourceDate "2018.02.23"]
[SourceVersion "1"]
[SourceVersionDate "2018.02.23"]
[SourceQuality "1"]

1. Nf3 c5 2. c4 Nc6 3. d4 cxd4 4. Nxd4 d6 5. Nc3 Nf6 6. e4 g6 7. f3 Bg7 8. Be3 0-0 9. Qd2 Nxd4 10. Bxd4 Be6 11. Be2 a6 12. 0-0 Rc8 13. b3 Nd7 14. Bxg7 Kxg7 15. f4 f5 16. exf5 Bxf5 17. Kh1 Nf6 18. Bd3 Qd7 19. Rae1 Rce8 20. Ne2 e5 21. Bxf5 gxf5 22. fxe5 dxe5 23. Qg5+ Kh8 24. Qxf5 Qxf5 25. Rxf5 Ne4 26. Rxf8+ Rxf8 27. Kg1 Nc5 28. Ng3 Nd3 29. Re3 Rd8 30. Nh5 Rd6 31. h3 Kg8 32. Rg3+ Rg6 33. Nf6+ 1-0

[Event "EU-ch blitz"]
[Site "Katowice"]
[Date "2017.12.15"]
[Round "4"]
[White "Warakomski, Tomasz"]
[Black "Dziodzio, Angelika"]
[Result "1-0"]
[WhiteElo "2537"]
[BlackElo "2125"]
[PlyCount "37"]
[EventDate "2017.12.15"]
[EventType "swiss (blitz)"]
[EventRounds "22"]
[EventCountry "POL"]
[SourceTitle "CBM 182 Extra"]
[Source "ChessBase"]
[SourceDate "2018.02.23"]
[SourceVersion "1"]
[SourceVersionDate "2018.02.23"]
[SourceQuality "1"]

1. e4 c5 2. Nf3 d6 3. d4 cxd4 4. Nxd4 Nf6 5. Nc3 Nc6 6. Bg5 Qb6 7. Nb3 e6 8. Qd2 Be7 9. 0-0-0 0-0 10. h4 a6 11. h5 Rd8 12. f3 Qc7 13. h6 g6 14. Qf4 Ne8 15. Bxe7 Qxe7 16. Qe3 b5 17. f4 Bb7 18. Be2 b4 19. Na4 1-0

[Event "POL-chT 2nd League"]
[Site "Szklarska Poreba"]
[Date "2017.09.05"]
[Round "4.4"]
[White "Galuszka, Tomasz"]
[Black "Dziodzio, Angelika"]
[Result "1/2-1/2"]
[WhiteElo "1895"]
[BlackElo "2108"]
[PlyCount "138"]
[EventDate "2017.09.02"]
[EventType "team-swiss"]
[EventRounds "9"]
[EventCountry "POL"]
[SourceTitle "CBM 180 Extra"]
[Source "ChessBase"]
[SourceDate "2017.10.06"]
[SourceVersion "1"]
[SourceVersionDate "2017.10.06"]
[SourceQuality "1"]
[WhiteTeam "Jastrzebie Zdroj Pionier"]
[BlackTeam "Nowy Sacz Sandecja"]
[WhiteTeamCountry "POL"]
[BlackTeamCountry "POL"]

1. e4 c5 2. Nf3 a6 3. d3 Nc6 4. g3 g6 5. Bg2 Bg7 6. 0-0 d6 7. Nbd2 e6 8. c3 b5 9. Re1 Rb8 10. Nf1 Nge7 11. h4 h5 12. Ng5 b4 13. Qc2 0-0 14. Bd2 a5 15. Nf3 Qb6 16. Ne3 b3 17. axb3 Qxb3 18. Qxb3 Rxb3 19. Bc1 Ba6 20. Bf1 d5 21. exd5 exd5 22. d4 Bxf1 23. Kxf1 cxd4 24. Nxd4 Nxd4 25. cxd4 Ra8 26. Ra4 Rb4 27. Rxb4 axb4 28. Bd2 Rb8 29. Nc2 Nc6 30. Rd1 Rb5 31. Be3 b3 32. Ne1 Rb4 33. Nf3 Kf8 34. Ke2 Rc4 35. Rd3 Rc2+ 36. Rd2 Rc4 37. Rd3 Na5 38. Ne1 Ke8 39. Kd1 Ra4 40. Nf3 Ra1+ 41. Kd2 Bf8 42. Kc3 Ra4 43. Rd1 Bb4+ 44. Kd3 Nc4 45. Rb1 Ra2 46. Bc1 f6 47. Nh2 Be1 48. Ke2 Bxf2 49. Kd3 Bxg3 50. Nf3 Bf2 51. Kc3 Na5 52. Kb4 Kd7 53. Bd2 Kc6 54. Bf4 Kb6 55. Kc3 Ra4 56. Rf1 Rc4+ 57. Kd3 Rc2 58. Bd2 Bg3 59. Rg1 Bf2 60. Rf1 Nc4 61. Rxf2 Nxb2+ 62. Ke2 Nc4 63. Rf1 Ra2 64. Rb1 b2 65. Bc3 Ra3 66. Kd3 g5 67. hxg5 fxg5 68. Nxg5 h4 69. Kc2 Kc6 1/2-1/2

[Event "Katowice POL-HUN 5th"]
[Site "Katowice"]
[Date "2017.05.20"]
[Round "3"]
[White "Lewtak, Damian"]
[Black "Dziodzio, Angelika"]
[Result "1-0"]
[WhiteElo "2319"]
[BlackElo "2080"]
[PlyCount "96"]
[EventDate "2017.05.20"]
[EventType "swiss (rapid)"]
[EventRounds "9"]
[EventCountry "POL"]
[SourceTitle "CBM 178 Extra"]
[Source "ChessBase"]
[SourceDate "2017.06.22"]
[SourceVersion "1"]
[SourceVersionDate "2017.06.22"]
[SourceQuality "1"]

1. e4 c5 2. Nf3 d6 3. Bb5+ Bd7 4. Bxd7+ Qxd7 5. 0-0 Nc6 6. c3 Nf6 7. Qe2 e5 8. Na3 Be7 9. Nc2 0-0 10. d4 Rfe8 11. d5 Nb8 12. Nd2 Bf8 13. a4 a5 14. Nc4 Qc7 15. N4a3 Nbd7 16. Nb5 Qd8 17. Nca3 Nb6 18. Bg5 Rc8 19. Nc4 Nxc4 20. Qxc4 h6 21. Bxf6 Qxf6 22. Rad1 g6 23. Qe2 Qg5 24. Qe3 Qxe3 25. fxe3 c4 26. Kf2 h5 27. Ke2 Red8 28. Kd2 Rd7 29. Kc2 Be7 30. Rf3 Bd8 31. Ra1 Bb6 32. b3 cxb3+ 33. Kxb3 Kg7 34. Kc2 Bc5 35. Kd3 Rf8 36. Raf1 Re7 37. R3f2 f6 38. Rb2 f5 39. Ra1 f4 40. exf4 Rxf4 41. Na3 Ref7 42. Nc4 Rf2 43. Rab1 b6 44. Rxf2 Rxf2 45. Rb2 Rxb2 46. Nxb2 Kf6 47. Ke2 g5 48. Nd3 Bg1 1-0

[Event "BL2 Ost 1617 (Women)"]
[Site "Germany"]
[Date "2017.03.26"]
[Round "6.2"]
[White "Burchardt, Brigitte"]
[Black "Dziodzio, Angelika"]
[Result "1-0"]
[WhiteElo "2193"]
[BlackElo "2054"]
[PlyCount "103"]
[EventDate "2016.10.22"]
[EventType "team-tourn"]
[EventRounds "7"]
[EventCountry "GER"]
[SourceTitle "EXT 2018"]
[Source "ChessBase"]
[SourceDate "2017.10.13"]
[SourceVersion "1"]
[SourceVersionDate "2017.10.13"]
[SourceQuality "1"]
[WhiteTeam "Rotation Pankow (W)"]
[BlackTeam "Leipzig Allianz (W)"]
[WhiteTeamCountry "GER"]
[BlackTeamCountry "GER"]

1. e4 c5 2. Nf3 d6 3. Nc3 Nc6 4. g3 g6 5. Bg2 Bg7 6. 0-0 e6 7. d3 Nge7 8. Be3 Nd4 9. Qd2 Nec6 10. Nd1 Qa5 11. Qxa5 Nxa5 12. Ne1 Rb8 13. Rb1 b5 14. c3 Ndc6 15. b4 cxb4 16. cxb4 Nb7 17. Nc2 a5 18. d4 axb4 19. d5 Nca5 20. Nxb4 Nc5 21. f4 Bd7 22. e5 Nc4 23. exd6 Nxe3 24. Nxe3 Rb6 25. dxe6 fxe6 26. Rfd1 0-0 27. Rbc1 Rc8 28. Ng4 Kf8 29. Ne5 Ke8 30. Rc2 Bf8 31. Rdc1 Rxd6 32. Bf1 Rd4 33. Nbd3 Rd5 34. Bg2 Rxd3 35. Nxd3 Nxd3 36. Rxc8+ Bxc8 37. Rxc8+ Kf7 38. Bf1 Nb4 39. Ra8 Nd5 40. Bxb5 Nc7 41. Rb8 Bd6 42. Rb7 Ke7 43. a4 Kd8 44. Rb8+ Ke7 45. Rh8 h5 46. Rh7+ Kf6 47. Kg2 e5 48. fxe5+ Bxe5 49. Bc4 Bd6 50. a5 Na8 51. Rh8 Nc7 52. a6 1-0

[Event "BL2 Ost 1516 (Women)"]
[Site "Germany"]
[Date "2016.01.10"]
[Round "5.3"]
[White "Beltz, Martina"]
[Black "Dziodzio, Angelika"]
[Result "0-1"]
[WhiteElo "2052"]
[BlackElo "2095"]
[PlyCount "110"]
[EventDate "2015.09.26"]
[EventType "team-tourn"]
[EventRounds "7"]
[EventCountry "GER"]
[SourceTitle "EXT 2017"]
[Source "ChessBase"]
[SourceDate "2016.10.25"]
[SourceVersion "1"]
[SourceVersionDate "2016.10.25"]
[SourceQuality "1"]
[WhiteTeam "Leipzig SG (W)"]
[BlackTeam "Leipzig Allianz (W)"]
[WhiteTeamCountry "GER"]
[BlackTeamCountry "GER"]

1. d4 Nf6 2. Nf3 c5 3. e3 e6 4. Bd3 d5 5. b3 Nc6 6. a3 Bd6 7. Bb2 0-0 8. 0-0 b6 9. Nbd2 Bb7 10. Ne5 Ne7 11. Qe2 Ne4 12. Rad1 Qc7 13. Qh5 f5 14. Ndf3 Nf6 15. Qh4 Nc6 16. c4 Na5 17. dxc5 bxc5 18. Bc2 Rae8 19. h3 Nc6 20. Nxc6 Bxc6 21. cxd5 Bxd5 22. Qa4 Rd8 23. Nd2 Qb7 24. f3 Bc6 25. Qh4 Qb8 26. Nc4 Bh2+ 27. Kf2 Bc7 28. Rxd8 Qxd8 29. Kg1 Qb8 30. Qe1 Bh2+ 31. Kh1 Bg3 32. Qc3 Qc7 33. Rd1 Nd5 34. Qd2 Qe7 35. Be5 Qh4 36. Bxg3 Qxg3 37. Qe1 Qc7 38. Qh4 h6 39. e4 Nc3 40. Rd3 Ne2 41. e5 Bb5 42. Rd6 Nd4 43. Bd1 Bxc4 44. bxc4 Qa5 45. Rd7 Qd2 46. Ba4 Rb8 47. Rxg7+ Kh8 48. Bb5 Qc1+ 49. Kh2 Ne2 50. Qf2 Kxg7 51. Qxe2 Qf4+ 52. g3 Qd4 53. Qe1 a6 54. Bc6 Rb2+ 55. Kh1 Qd3 0-1

[Event "Katowice POL-HUN 3rd"]
[Site "Katowice"]
[Date "2015.03.21"]
[Round "2"]
[White "Dziodzio, Angelika"]
[Black "Piorun, Kacper"]
[Result "0-1"]
[WhiteElo "2042"]
[BlackElo "2528"]
[PlyCount "54"]
[EventDate "2015.03.21"]
[EventType "swiss (rapid)"]
[EventRounds "9"]
[EventCountry "POL"]
[SourceTitle "CBM 165 Extra"]
[Source "ChessBase"]
[SourceDate "2015.04.21"]
[SourceVersion "1"]
[SourceVersionDate "2015.04.21"]
[SourceQuality "1"]

1. e4 c5 2. Nf3 e6 3. c4 Nc6 4. Nc3 Nf6 5. Be2 Qc7 6. 0-0 a6 7. a3 Bd6 8. h3 Nd4 9. d3 0-0 10. Be3 Nxf3+ 11. Bxf3 Be5 12. Rc1 Bd4 13. Qd2 d6 14. Ne2 Bxe3 15. Qxe3 e5 16. Nc3 Be6 17. Be2 Nd7 18. f4 exf4 19. Rxf4 Ne5 20. Rcf1 b5 21. cxb5 axb5 22. Nxb5 Qb6 23. d4 Nc4 24. Qc3 Qxb5 25. d5 Qxb2 26. Qxc4 Bd7 27. Bh5 Bb5 0-1

[Event "Wch U18 Girls"]
[Site "Durban"]
[Date "2014.09.26"]
[Round "8"]
[White "Dziodzio, Angelika"]
[Black "Velikic, Adela"]
[Result "1/2-1/2"]
[WhiteElo "1991"]
[BlackElo "2175"]
[PlyCount "148"]
[EventDate "2014.09.20"]
[EventType "swiss"]
[EventRounds "11"]
[EventCountry "RSA"]
[SourceTitle "CBM 162 Extra"]
[Source "ChessBase"]
[SourceDate "2014.10.17"]
[SourceVersion "1"]
[SourceVersionDate "2014.10.17"]
[SourceQuality "1"]

1. e4 c6 2. c4 d5 3. exd5 cxd5 4. cxd5 Nf6 5. Qa4+ Bd7 6. Qb3 Qc7 7. Nc3 a6 8. Nf3 Bg4 9. Be2 Nbd7 10. d4 Rd8 11. Be3 Qb6 12. Qc2 Qa5 13. 0-0 Nxd5 14. Nxd5 Qxd5 15. Bc4 Qh5 16. Ng5 e6 17. f3 Bd6 18. g3 Bf5 19. Qe2 h6 20. g4 Qxh2+ 21. Qxh2 Bxh2+ 22. Kxh2 hxg5+ 23. Kg3 Nb6 24. Bb3 Bd3 25. Rfe1 Nc4 26. Rad1 Nxe3 27. Rxe3 Bb5 28. d5 Ke7 29. dxe6 f6 30. Rc1 Bc6 31. Rc2 Rd4 32. Bc4 Rc8 33. Bd3 Rd6 34. Bf5 Rcd8 35. b3 Rd2 36. Rec3 Rxc2 37. Rxc2 Rd4 38. a4 Rd6 39. Rh2 Rd8 40. Rc2 Rd4 41. Kf2 g6 42. Bxg6 Kxe6 43. Bf5+ Kd6 44. Ke2 Bd5 45. Rc3 Rb4 46. Bc2 Ke5 47. Ke3 Rb6 48. Rc5 Kd6 49. Rc3 Rb4 50. Bd1 Ke5 51. Bc2 Rf4 52. Bd1 f5 53. gxf5 Kxf5 54. Be2 Rb4 55. Bd1 Ke5 56. Bc2 Rh4 57. Rc8 Rb4 58. Rc5 Kd6 59. Rc3 g4 60. fxg4 Rxg4 61. Bd1 Rh4 62. Kd2 Rh2+ 63. Be2 Ke5 64. Rg3 Be6 65. Re3+ Kd6 66. Kc3 Rh4 67. Bd3 Bd5 68. Rg3 Kc5 69. Rg5 Kd6 70. Rg6+ Kc5 71. Rg5 Kd6 72. Rg6+ Kc5 73. Rg5 Kd6 74. Rg6+ Kc5 1/2-1/2

[Event "Wch U18 Girls"]
[Site "Durban"]
[Date "2014.09.23"]
[Round "6"]
[White "Dziodzio, Angelika"]
[Black "Ren, Xiaoyi"]
[Result "1-0"]
[WhiteElo "1991"]
[BlackElo "2134"]
[PlyCount "60"]
[EventDate "2014.09.20"]
[EventType "swiss"]
[EventRounds "11"]
[EventCountry "RSA"]
[SourceTitle "CBM 162 Extra"]
[Source "ChessBase"]
[SourceDate "2014.10.17"]
[SourceVersion "1"]
[SourceVersionDate "2014.10.17"]
[SourceQuality "1"]

1. e4 c5 2. Nf3 e6 3. c4 Nc6 4. Nc3 Nge7 5. d4 Nxd4 6. Nxd4 cxd4 7. Qxd4 Nc6 8. Qd1 Bc5 9. Be2 0-0 10. 0-0 d6 11. a3 a6 12. b4 Ba7 13. Bb2 e5 14. Nd5 Be6 15. Bd3 Nd4 16. Kh1 f5 17. f4 Bxd5 18. cxd5 Qh4 19. g3 Qh3 20. fxe5 dxe5 21. Rc1 f4 22. gxf4 Rxf4 23. Rxf4 exf4 24. Rc7 g6 25. d6 Qe3 26. d7 Rd8 27. Rxb7 Ne6 28. Bf6 f3 29. Bxd8 f2 30. Bh4 Kg7 1-0